Empresas para todos: hacia un nuevo modelo de capitalismo que atiente las necesidades mas urgentes de la humanidad (Registro nro. 813)

Detalles MARC
000 -Cabecera
Campo de control de longitud fija 00889aam a2200289 4500
005 - Fecha y hora de la última transacción
Campo de control 20250717135759.0
008 - Elementos de longitud fija--Información general
Campo de control de longitud fija 150909b2010 xxu||||| |||| 00| 0 spa d
041 ## - Idioma
Código de idioma Español
082 ## - Clasificación Decimal Dewey
Número de clasificación 658.408 Y95e
100 ## - Entrada principal--Autor personal
Nombre personal Yunus, Muhammad
9 (RLIN) 20936
245 ## - Título propiamente dicho
Título Empresas para todos: hacia un nuevo modelo de capitalismo que atiente las necesidades mas urgentes de la humanidad
260 ## - Pie de imprenta
Lugar de publicación, distribución, etc. Colombia
260 ## - Pie de imprenta
Nombre del editor, distribuidor, etc. Norma
260 ## - Pie de imprenta
Fecha de publicación, distribución, etc. 2010
300 ## - Descripción física
Extensión 213 páginas
490 ## - Serie
Título de la Serie Dirección y Administración de Empresas
650 ## - Materia general
Temática (materia general) RESPONSABILIDAD SOCIAL DE LA GERENCIA EJECUTIVA
650 ## - Materia general
Temática (materia general) EMPRESA SOCIAL
650 ## - Materia general
Temática (materia general) LANZAR UNA EMPRESA SOCIAL
650 ## - Materia general
Temática (materia general) APLICAR TECNOLOGÍAS A LAS NECESIDADES HUMANAS
650 ## - Materia general
Temática (materia general) TRABAJAR CON SOCIOS
650 ## - Materia general
Temática (materia general) ÉTICA DE LOS NEGOCIOS
650 ## - Materia general
Temática (materia general) EMPRESAS
650 ## - Materia general
Temática (materia general) ASPECTOS SOCIALES
942 ## - Punto de acceso adicional KOHA
Tipo de ítem KOHA Libro
Fuente del sistema de clasificación o colocación Dewey Decimal Classification
942 ## - Punto de acceso adicional KOHA
Tipo de ítem KOHA Libro
Fuente del sistema de clasificación o colocación Dewey Decimal Classification
Existencias
Signatura completa Código de barras Programa Académico Tipo de ítem
658.408 Y95e 16969 Dirección y Administración de Empresas Libro